00342nam a2200085Ia 4500008004100000020001800041245015100059260003300210300001300243180116s9999 xx 000 0 und d a9789719946243 cGrace J. Dela Calzada, Arvin C. Faundo, Marissa A. Orillaza,aPCQACL'S Standardization and Harmonization of Complete Blood Count in the Philipines bC & E Publishing, Inc.c2012 a75 pages